| 000 | 00775nam a2200265Ia 4500 | ||
|---|---|---|---|
| 003 | OSt | ||
| 005 | 20221006153351.0 | ||
| 006 | a|||||r|||| 00| 0 | ||
| 007 | ta | ||
| 008 | 221006b |||||||| |||| 00| 0 kor d | ||
| 024 | _a32,131 | ||
| 037 |
_bGift, Korea Foundation _cTextual |
||
| 040 |
_aEASL _cEASL _bkor |
||
| 041 |
_2kor _akor |
||
| 082 | _aS1, 495P5 | ||
| 100 |
_aTAYLOR Betsy Au. _9663575 |
||
| 245 | 0 | _aAideuri malha neun gajang sojunghan gos logaji | |
| 260 |
_aSeoul _bThenan Korea _c2005 |
||
| 300 |
_a271p. _ccm. |
||
| 650 | _a KL | ||
| 650 | _aChild psychology | ||
| 700 |
_a MOON Chae Weon Tr. _9663576 |
||
| 942 |
_hS1, 495P5 _cTEXL _2CC |
||
| 999 |
_c1100217 _d1100217 |
||